000 00284nam a22001097a 4500
008 170120b xxu||||| |||| 00| 0 eng d
020 _a0471085367
041 _aeng
080 _a618.2
245 _aFAMILY HEALTH/ A THEORITICAL APPROACH TO NURSING CARE
_cCLEMENTS, I.W
942 _2udc
_cBK
999 _c3227
_d3227